Представление документа в формате RUSMARC

ПолеНазваниеЗначение
  Тип записи a
  Библиографический уровень c
001 Контрольный номер RU/IS/BASE/289062462
005 Дата корректировки 20240327142029.1
010 Индекс ISBN __
d Цена 1-10
101 Язык документа 0_
a Язык текста rus
c Язык оригинала rus
200 Заглавие и сведения об ответственности 1_
a Заглавие Перейти речку в брод
e Сведения, относящиеся к заглавию повести, рассказы : [для сред. и ст. шк. возраста]
f Первые сведения об ответственности Радий Погодин ; [худож. В. Карасев ; послеслов. И. Мотяшова]
b Общее обозначение материала Текст
210 Выходные данные 1_
a Место издания М.
c Издательство Молодая гвардия
d Дата издания 1979
215 Физическое описание __
a Объем 477, [3] с., 1 л. портр.
225 Серия 2_
a Серия Библиотека юношества
327 Примечание о содержании 0_
a Примечание о содержании Живи, солдат
600 Персоналии _1
a Персоналии (Фамилия) Погодин Р. П.
f Даты 1925-1993
g Полное имя Радий Петрович
605 Заглавие как предмет __
a Заглавие Сколько стоит долг
605 Заглавие как предмет __
a Заглавие Алфред
605 Заглавие как предмет __
a Заглавие Мальчик с гусями
605 Заглавие как предмет __
a Заглавие Лазоревый петух моего детства
605 Заглавие как предмет __
a Заглавие Красные лошади
605 Заглавие как предмет __
a Заглавие Книжка про Гришку
605 Заглавие как предмет __
a Заглавие Где леший живет
605 Заглавие как предмет __
a Заглавие Трень-брень
605 Заглавие как предмет __
a Заглавие Черника
605 Заглавие как предмет __
a Заглавие Дубравка
605 Заглавие как предмет __
a Заглавие Тишина
606 Тематические рубрики __
a Основная рубрика Художественная литература
z Хронологическая подрубрика 20 в.
y Географическая подрубрика Россия; СССР
606 Тематические рубрики __
a Основная рубрика Русская литература XX в. (произведения)
610 Ключевые слова 0_
a Ключевые слова советская литература; повести; рассказы; тема любви; тема дружбы; тема юности; тема молодежи; тема детства; литературная критика; тема войны; детская литература
686 Индексы других классификаций __
a Классификационный индекс 84(2Рос=Рус)6-4; ст84(2Рос=Рус)6-4
700 Автор _1
a Фамилия Погодин
b Имя Р. П.
g Полное личное имя Радий Петрович
4 Код отношения 070
702 Вторичная интеллектуальная ответственность _1
a Фамилия Карасев
b Имя В.
4 Код отношения Художник
4 Код отношения 040
702 Вторичная интеллектуальная ответственность _1
a Фамилия Мотяшов
b Имя И.
4 Код отношения Автор предисловия и т.д.
4 Код отношения 080
801 Источник записи _0
a Страна RU
b Организация Муниципальное бюджетное учреждение культуры "Централизованная библиотечная система" г. Сургут (Центральная городская библиотека им. А. С. Пушкина)
g Правила каталогизации КиК/Поспелова
801 Источник записи _1
a Страна RU
b Организация Муниципальное бюджетное учреждение культуры "Централизованная библиотечная система" г. Сургут (Центральная городская библиотека им. А. С. Пушкина)
g Правила каталогизации КиК/Поспелова
852 Данные о местонахождении __
j Шифр хранения 84(2Рос=Рус)6-4
c Каталожный индекс 84(2Рос=Рус)6-4
i Авторский знак П 43
p Инвентарный номер 146053(с)
901 Тип документа 1_
t Тип документа x
903 Характеристики (МАРС) __
a Дата передачи 20061128
969 Тип издания __
a Тип издания сборник
990 Данные о заказе (DOS) __
j Количество экземпляров (DOS) 1
t N записи в КСУ для И/У (DOS) ретро